[Event "Ciutadella Pons Memorial"]
[Site "Ciutadella"]
[Date "2009.01.03"]
[Round "8"]
[White "Cubas Pons, Juan Miguel"]
[Black "Glicenstein, Asher"]
[Result "1-0"]
[WhiteElo "2240"]
[BlackElo "2225"]
[PlyCount "101"]
[EventDate "2008.12.27"]
[EventType "tourn"]
[EventRounds "9"]
[EventCountry "ESP"]
[EventCategory "3"]
[SourceTitle "CBM 128 Extra"]
[Source "ChessBase"]
[SourceDate "2009.03.05"]
[SourceVersion "2"]
[SourceVersionDate "2009.03.25"]
[SourceQuality "1"]

1. d4 d5 2. Nf3 Nf6 3. c4 c6 4. Qc2 dxc4 5. Qxc4 Bf5 6. g3 e6 7. Bg2 Be7 8. O-O
O-O 9. Nc3 Nbd7 10. Re1 Ne4 11. Qb3 Nb6 12. a4 Nxc3 13. bxc3 Qd5 14. Qb2 Be4
15. a5 Nc4 16. Qxb7 Bd6 17. Qb3 Rfb8 18. Qa2 Rb5 19. Nd2 Nxd2 20. Bxd2 Qxa2 21.
Rxa2 Bd5 22. c4 Bxc4 23. Bxc6 Bxa2 24. Bxb5 Rb8 25. Bd3 Bb4 26. Bxb4 Rxb4 27.
Rc1 g6 28. a6 Rxd4 29. Rc7 Bb1 30. Bxb1 Rd1+ 31. Kg2 Rxb1 32. Rxa7 Ra1 33. g4
g5 34. Kg3 Kg7 35. Ra8 h6 36. Kf3 Ra2 37. Ke3 Ra3+ 38. Kd2 Kf6 39. Kc2 Ke5 40.
Kb2 Ra5 41. Kb3 Kd6 42. Kb4 Ra2 43. e3 Kc6 44. Rf8 Rxa6 45. Rxf7 Ra2 46. Kc4
Kd6 47. h3 Ra4+ 48. Kd3 h5 49. f4 gxf4 50. Rxf4 Ra3+ 51. Ke4 1-0

[Event "Ciutadella Pons Memorial"]
[Site "Ciutadella"]
[Date "2009.01.04"]
[Round "9"]
[White "Massanet Massanet, Sebastian"]
[Black "Cubas Pons, Juan Miguel"]
[Result "1-0"]
[WhiteElo "2299"]
[BlackElo "2240"]
[PlyCount "155"]
[EventDate "2008.12.27"]
[EventType "tourn"]
[EventRounds "9"]
[EventCountry "ESP"]
[EventCategory "3"]
[SourceTitle "CBM 128 Extra"]
[Source "ChessBase"]
[SourceDate "2009.03.05"]
[SourceVersion "2"]
[SourceVersionDate "2009.03.25"]
[SourceQuality "1"]

1. e4 e6 2. d4 d5 3. Nd2 a6 4. Ngf3 Nf6 5. e5 Nfd7 6. Bd3 c5 7. c3 Nc6 8. O-O
g5 9. dxc5 g4 10. Nd4 Ndxe5 11. N2b3 Bd7 12. Re1 Qf6 13. Bc2 Bg7 14. Nxc6 Bxc6
15. Be3 h5 16. Bd4 Qg5 17. Qd2 Qxd2 18. Nxd2 f6 19. a4 Bd7 20. b4 Kf7 21. Rab1
Bh6 22. Be3 Rac8 23. f4 gxf3 24. gxf3 Bc6 25. Bxh6 Rxh6 26. Kf2 Rhh8 27. Rg1
Rhg8 28. Rg3 f5 29. Rbg1 f4 30. Rxg8 Rxg8 31. Rb1 h4 32. Rg1 Rxg1 33. Kxg1 Kf6
34. Kf2 Be8 35. Ke2 Bc6 36. Bb3 Ke7 37. Bc2 Be8 38. Kf2 Kf6 39. Ke2 h3 40. Kd1
Nc6 41. Nb3 Ne5 42. Nd2 Bh5 43. Ke2 Ke7 44. Bb1 Kd8 45. Bh7 Nf7 46. Bd3 e5 47.
Kf2 Ng5 48. c4 Nxf3 49. Nxf3 e4 50. Ne5 exd3 51. Nxd3 dxc4 52. Nxf4 Bd1 53. Ke3
Bxa4 54. Nxh3 Be8 55. Kd4 Bf7 56. Ng5 Bg8 57. Ne4 Kc7 58. h4 Kc6 59. Nd6 c3 60.
Kxc3 b6 61. Kd4 bxc5+ 62. bxc5 a5 63. h5 a4 64. Nc4 Bh7 65. Na3 Bg8 66. h6 Bh7
67. Kc4 Bg8+ 68. Kb4 Bh7 69. Nc4 Bc2 70. Ne5+ Kd5 71. Nc4 Kc6 72. Na3 Bf5 73.
Nb5 Bh7 74. Nd4+ Kd5 75. c6 Kd6 76. Kxa4 Be4 77. Kb5 Ke7 78. c7 1-0

[Event "Dos Hermanas Internet qual-A 10th"]
[Site "ICC INT"]
[Date "2009.03.13"]
[Round "2"]
[White "Cubas, Jose Fernando"]
[Black "Danek, Pavol"]
[Result "1-0"]
[WhiteElo "2438"]
[BlackElo "2209"]
[PlyCount "59"]
[EventDate "2009.03.13"]
[EventType "swiss (blitz)"]
[EventRounds "12"]
[EventCountry "ESP"]
[SourceTitle "CBM 129 Extra"]
[Source "ChessBase"]
[SourceDate "2009.05.05"]
[SourceVersion "2"]
[SourceVersionDate "2009.05.20"]
[SourceQuality "1"]

1. e4 d6 2. d4 g6 3. Nc3 Bg7 4. Be3 c6 5. Qd2 b5 6. f3 Nd7 7. h4 h5 8. Nh3 Nb6
9. Ng5 Nf6 10. Bd3 a5 11. Ne2 b4 12. c4 bxc3 13. bxc3 O-O 14. O-O Ba6 15. Bxa6
Rxa6 16. Qd3 Ra8 17. Rab1 Qc7 18. Bf4 e5 19. Bg3 a4 20. f4 Ng4 21. f5 exd4 22.
cxd4 c5 23. fxg6 fxg6 24. Rxf8+ Bxf8 25. Qb5 Nd7 26. Qc4+ Kh8 27. Qf7 Bg7 28.
Qxg6 Nf8 29. Qxh5+ Kg8 30. Qxg4 1-0

[Event "Dos Hermanas Internet qual-A 10th"]
[Site "ICC INT"]
[Date "2009.03.13"]
[Round "3"]
[White "Latorre Lopez Moreira, Luis Matias"]
[Black "Cubas, Jose Fernando"]
[Result "0-1"]
[WhiteElo "1967"]
[BlackElo "2438"]
[PlyCount "112"]
[EventDate "2009.03.13"]
[EventType "swiss (blitz)"]
[EventRounds "12"]
[EventCountry "ESP"]
[SourceTitle "CBM 129 Extra"]
[Source "ChessBase"]
[SourceDate "2009.05.05"]
[SourceVersion "2"]
[SourceVersionDate "2009.05.20"]
[SourceQuality "1"]

1. e4 c5 2. Nf3 d6 3. d4 cxd4 4. Nxd4 Nf6 5. Nc3 g6 6. Be3 Bg7 7. f3 Nc6 8. Bc4
O-O 9. Bb3 Nd7 10. Qd2 Nb6 11. O-O-O Na5 12. h4 Nac4 13. Qe2 Nxe3 14. Qxe3 a6
15. h5 e5 16. Nde2 Be6 17. hxg6 hxg6 18. Nd5 Nxd5 19. Bxd5 Qc7 20. Nc3 Rac8 21.
Rd2 b5 22. a3 Qb8 23. Qg5 Rfe8 24. Qh4 Rxc3 25. bxc3 Qc7 26. Kb2 Rc8 27. Rd3
Bxd5 28. exd5 e4 29. fxe4 Bxc3+ 30. Kb1 Bg7 31. Qf2 a5 32. Qd2 b4 33. axb4 axb4
34. Kc1 Qa7 35. Kd1 Qa1+ 36. Qc1 Qe5 37. Qe3 Rc4 38. Re1 g5 39. Kd2 g4 40. g3
Kh7 41. Rh1+ Kg6 42. Qf2 Rxc2+ 43. Kxc2 Qb2+ 44. Kd1 Qxf2 45. Re1 Bc3 46. Re2
Qf1+ 47. Kc2 Qxe2+ 48. Kb3 Qxd3 49. e5 Bxe5+ 50. Ka4 Qxd5 51. Kxb4 Bxg3 52. Kc3
Be1+ 53. Kc2 g3 54. Kb2 g2 55. Kc2 g1=Q 56. Kb2 Qgc5 0-1

[Event "Dos Hermanas Internet qual-A 10th"]
[Site "ICC INT"]
[Date "2009.03.13"]
[Round "4"]
[White "Cubas, Jose Fernando"]
[Black "Bryzgalin, Kirill"]
[Result "0-1"]
[WhiteElo "2438"]
[BlackElo "2537"]
[PlyCount "140"]
[EventDate "2009.03.13"]
[EventType "swiss (blitz)"]
[EventRounds "12"]
[EventCountry "ESP"]
[SourceTitle "CBM 129 Extra"]
[Source "ChessBase"]
[SourceDate "2009.05.05"]
[SourceVersion "2"]
[SourceVersionDate "2009.05.20"]
[SourceQuality "1"]

1. e4 c5 2. Nf3 Nc6 3. d4 cxd4 4. Nxd4 e6 5. Nc3 Qc7 6. Be3 a6 7. Bd3 Nf6 8.
O-O Ne5 9. h3 b5 10. f4 Nc4 11. Bxc4 Qxc4 12. Qd3 Qxd3 13. cxd3 d5 14. e5 Nd7
15. Rac1 Bb7 16. Rf2 Bc5 17. Rfc2 f6 18. Nce2 Bb6 19. Bf2 fxe5 20. Nxe6 Ke7 21.
Bxb6 Kxe6 22. Bf2 Rhc8 23. fxe5 Nxe5 24. Nf4+ Kf5 25. Rxc8 Rxc8 26. Rxc8 Bxc8
27. Nxd5 Bb7 28. Ne3+ Ke6 29. d4 Nd3 30. Nd1 Bd5 31. a3 Bb3 32. Nc3 Nxb2 33.
Ne4 Nd3 34. Nc5+ Nxc5 35. dxc5 Kd5 36. Kf1 Bc4+ 37. Ke1 a5 38. Kd2 Bf1 39. g3
Bxh3 40. Ke3 Bf5 41. Kf4 Bc2 42. Kf3 b4 43. axb4 axb4 44. Ke2 Be4 45. Kd2 g5
46. Kc1 Kc4 47. Kd2 h5 48. Be3 h4 49. gxh4 gxh4 50. Ke1 h3 51. Kf2 b3 52. Bc1
Kxc5 53. Kg3 Bf5 54. Bb2 Bd7 55. Kh2 Kc4 56. Bc3 Kd3 57. Bb2 Kc2 58. Bh8 b2 59.
Bxb2 Kxb2 60. Kh1 Kc3 61. Kh2 Kd3 62. Kh1 Ke3 63. Kh2 Kf4 64. Kh1 Kg4 65. Kh2
Kh4 66. Kg1 Kg3 67. Kh1 Bc6+ 68. Kg1 h2+ 69. Kf1 h1=Q+ 70. Ke2 Qe4+ 0-1

[Event "Dos Hermanas Internet qual-A 10th"]
[Site "ICC INT"]
[Date "2009.03.13"]
[Round "5"]
[White "Ehab, Mohamed"]
[Black "Cubas, Jose Fernando"]
[Result "1-0"]
[WhiteElo "1886"]
[BlackElo "2438"]
[PlyCount "183"]
[EventDate "2009.03.13"]
[EventType "swiss (blitz)"]
[EventRounds "12"]
[EventCountry "ESP"]
[SourceTitle "CBM 129 Extra"]
[Source "ChessBase"]
[SourceDate "2009.05.05"]
[SourceVersion "2"]
[SourceVersionDate "2009.05.20"]
[SourceQuality "1"]

1. d4 d5 2. c4 Nc6 3. Nf3 Bg4 4. e3 e6 5. Nc3 Nf6 6. Qb3 Bb4 7. a3 Bxc3+ 8.
bxc3 Bxf3 9. gxf3 Rb8 10. Bd3 O-O 11. a4 Na5 12. Qa2 Nxc4 13. Bxc4 dxc4 14.
Qxc4 Re8 15. e4 e5 16. d5 Nh5 17. Be3 a6 18. Ke2 Qd7 19. Rag1 Kh8 20. Rg5 g6
21. Rhg1 f6 22. R5g2 Rg8 23. Qb3 b5 24. a5 c6 25. Rd1 Rbd8 26. Rgg1 Qf7 27. c4
bxc4 28. Qxc4 cxd5 29. Rxd5 Qb7 30. Rgd1 Rc8 31. Rc5 Rxc5 32. Qxc5 Rc8 33. Qb6
Qf7 34. Rd8+ Rxd8 35. Qxd8+ Kg7 36. Qd3 f5 37. Qxa6 fxe4 38. fxe4 Nf6 39. Qd3
Qa2+ 40. Bd2 Nh5 41. Kd1 Qa1+ 42. Kc2 Qa2+ 43. Kc1 Qa1+ 44. Kc2 Nf6 45. a6 g5
46. Bxg5 Qa4+ 47. Kb1 Nxe4 48. Be3 Qb4+ 49. Ka1 Nc3 50. Qd7+ Kg6 51. Qg4+ Kf7
52. Qf5+ Ke7 53. Qxe5+ Kd7 54. Qg7+ Kc6 55. Qf6+ Kb5 56. Qe5+ Ka4 57. Qd4 Qxd4
58. Bxd4 Nb5 59. a7 Nxa7 60. Bxa7 Kb5 61. Bb8 Kc4 62. Bf4 Kd5 63. Be3 Ke4 64.
Kb2 Kf3 65. Kc2 Kg2 66. Kd3 Kh3 67. Ke4 Kxh2 68. Kf5 Kg2 69. Kg5 Kf3 70. Kh6
Ke4 71. Kxh7 Kf3 72. Kg6 Ke4 73. Kg5 Ke5 74. f4+ Ke6 75. f5+ Kf7 76. f6 Kf8 77.
Bd4 Kg8 78. Kf5 Kf7 79. Bc5 Ke8 80. Ke5 Kd7 81. Kf5 Kc6 82. Kg6 Kd5 83. f7 Kc4
84. f8=Q Kd3 85. Qc8 Kc4 86. Bd6+ Kd3 87. Qc5 Ke4 88. Qd5+ Ke3 89. Qd4+ Ke2 90.
Be5 Kf1 91. Qc3 Kf2 92. Qd2+ 1-0

[Event "Dos Hermanas Internet qual-A 10th"]
[Site "ICC INT"]
[Date "2009.03.13"]
[Round "6"]
[White "Cubas, Jose Fernando"]
[Black "Vianello, Enrico"]
[Result "1-0"]
[WhiteElo "2438"]
[BlackElo "2163"]
[PlyCount "41"]
[EventDate "2009.03.13"]
[EventType "swiss (blitz)"]
[EventRounds "12"]
[EventCountry "ESP"]
[SourceTitle "CBM 129 Extra"]
[Source "ChessBase"]
[SourceDate "2009.05.05"]
[SourceVersion "2"]
[SourceVersionDate "2009.05.20"]
[SourceQuality "1"]

1. e4 d6 2. Nf3 Nf6 3. d4 Nxe4 4. c4 g6 5. Bd3 Nf6 6. Bg5 Bg7 7. Qd2 O-O 8. Bh6
Nbd7 9. Nc3 e5 10. Bxg7 Kxg7 11. O-O-O c6 12. h4 exd4 13. Nxd4 Ne5 14. Be2 Qa5
15. h5 Neg4 16. hxg6 fxg6 17. Bxg4 Bxg4 18. f3 Bd7 19. Qh6+ Kh8 20. Ne4 Nh5 21.
Ng5 1-0

[Event "Dos Hermanas Internet qual-A 10th"]
[Site "ICC INT"]
[Date "2009.03.13"]
[Round "7"]
[White "Arenas Vanegas, David"]
[Black "Cubas, Jose Fernando"]
[Result "1-0"]
[WhiteElo "2369"]
[BlackElo "2438"]
[PlyCount "105"]
[EventDate "2009.03.13"]
[EventType "swiss (blitz)"]
[EventRounds "12"]
[EventCountry "ESP"]
[SourceTitle "CBM 129 Extra"]
[Source "ChessBase"]
[SourceDate "2009.05.05"]
[SourceVersion "2"]
[SourceVersionDate "2009.05.20"]
[SourceQuality "1"]

1. e4 c5 2. Nf3 d6 3. d4 cxd4 4. Nxd4 Nf6 5. Nc3 g6 6. Be3 Bg7 7. f3 Nc6 8. Bc4
O-O 9. Bb3 Nd7 10. Qe2 Nb6 11. O-O-O Na5 12. h4 a6 13. h5 e5 14. Nf5 gxf5 15.
exf5 Nxb3+ 16. axb3 Bxf5 17. g4 Be6 18. g5 Re8 19. Qh2 Bf5 20. Rdg1 d5 21. g6
d4 22. gxh7+ Kxh7 23. Bg5 f6 24. h6 Bh8 25. Ne4 Bxe4 26. fxe4 fxg5 27. Qh5 Rf8
28. Rxg5 Qxg5+ 29. Qxg5 Bf6 30. Qf5+ Kh8 31. Qg6 Nd7 32. Kb1 Nc5 33. Rf1 Nd7
34. Rxf6 Rg8 35. Qf5 Nxf6 36. Qxf6+ Kh7 37. Qxe5 Rad8 38. Qe7+ Kxh6 39. Qxb7
Rg1+ 40. Ka2 d3 41. cxd3 Rg6 42. Qe7 Rxd3 43. e5 Rd5 44. Qh4+ Kg7 45. Qe7+ Kh6
46. Qf8+ Kh5 47. Qh8+ Kg4 48. Qc8+ Kf4 49. e6 Rg1 50. Qc7+ Kf5 51. e7 Re1 52.
b4 a5 53. Qc8+ 1-0

[Event "Dos Hermanas Internet qual-A 10th"]
[Site "ICC INT"]
[Date "2009.03.13"]
[Round "9"]
[White "Ilya"]
[Black "Cubas, Jose Fernando"]
[Result "0-1"]
[WhiteElo "2116"]
[BlackElo "2438"]
[PlyCount "68"]
[EventDate "2009.03.13"]
[EventType "swiss (blitz)"]
[EventRounds "12"]
[EventCountry "ESP"]
[SourceTitle "CBM 129 Extra"]
[Source "ChessBase"]
[SourceDate "2009.05.05"]
[SourceVersion "2"]
[SourceVersionDate "2009.05.20"]
[SourceQuality "1"]

1. d4 d6 2. Bg5 g6 3. Nd2 Bg7 4. e3 Nd7 5. f4 h6 6. Bh4 Ngf6 7. Ngf3 O-O 8. Bd3
c6 9. O-O Qc7 10. c3 e5 11. fxe5 dxe5 12. Bg3 Nh5 13. Bxe5 Nxe5 14. Nxe5 Bxe5
15. dxe5 Qxe5 16. Re1 Be6 17. Nf3 Qg7 18. Nd4 Rfe8 19. Qc2 Rad8 20. Rad1 a6 21.
Be2 Nf6 22. Bf3 Bc8 23. Qb3 g5 24. Qb6 g4 25. Be2 Rd5 26. Bc4 Rde5 27. Qc7 c5
28. Nc2 Bf5 29. Na3 b5 30. Bf1 g3 31. h3 Ne4 32. Rd8 Qf6 33. Rxe8+ Rxe8 34. Qa7
Bxh3 0-1

[Event "Dos Hermanas Internet qual-A 10th"]
[Site "ICC INT"]
[Date "2009.03.13"]
[Round "11"]
[White "Jukemura, Rodrigo"]
[Black "Cubas, Jose Fernando"]
[Result "1/2-1/2"]
[WhiteElo "2048"]
[BlackElo "2438"]
[PlyCount "127"]
[EventDate "2009.03.13"]
[EventType "swiss (blitz)"]
[EventRounds "12"]
[EventCountry "ESP"]
[SourceTitle "CBM 129 Extra"]
[Source "ChessBase"]
[SourceDate "2009.05.05"]
[SourceVersion "2"]
[SourceVersionDate "2009.05.20"]
[SourceQuality "1"]

1. d4 d5 2. Nf3 Nf6 3. c4 e6 4. Nc3 c5 5. cxd5 cxd4 6. Nxd4 Nxd5 7. Nxd5 Qxd5
8. e3 Bd7 9. Qb3 Qxb3 10. Nxb3 Nc6 11. Bd2 O-O-O 12. Bc3 e5 13. Bc4 f6 14. Ke2
Kb8 15. Rhd1 Be7 16. f3 Bc8 17. Rxd8 Rxd8 18. Rd1 a6 19. Rxd8 Bxd8 20. Nc5 b5
21. Bd5 Kc7 22. Ne6+ Bxe6 23. Bxe6 Kd6 24. Bg8 h6 25. a3 a5 26. g4 b4 27. axb4
axb4 28. Bd2 Bb6 29. f4 exf4 30. exf4 Bd4 31. b3 Kc5 32. Kd3 Bg1 33. h3 Bf2 34.
g5 fxg5 35. fxg5 hxg5 36. Bxg5 Bd4 37. h4 Bc3 38. h5 Kd6 39. Ke4 Ne7 40. Bf4+
Kd7 41. Bc4 Nc8 42. Kd5 Nb6+ 43. Kc5 Nxc4 44. Kxc4 Ke6 45. Bc7 Kf5 46. Ba5 Kg5
47. Bxb4 Bxb4 48. Kxb4 Kxh5 49. Kc4 g5 50. b4 g4 51. b5 g3 52. b6 g2 53. b7
g1=Q 54. b8=Q Qc1+ 55. Kd5 Qd2+ 56. Kc6 Qc3+ 57. Kb7 Qb4+ 58. Kc8 Qc5+ 59. Qc7
Qf5+ 60. Kb7 Qb5+ 61. Qb6 Qd7+ 62. Ka6 Qa4+ 63. Qa5+ Qxa5+ 64. Kxa5 1/2-1/2

[Event "Dos Hermanas Internet qual-B 10th"]
[Site "ICC INT"]
[Date "2009.03.13"]
[Round "2"]
[White "Briscoe, Christopher"]
[Black "Cubas, Jose Fernando"]
[Result "0-1"]
[WhiteElo "2268"]
[BlackElo "2438"]
[PlyCount "74"]
[EventDate "2009.03.13"]
[EventType "swiss (blitz)"]
[EventRounds "12"]
[EventCountry "ESP"]
[SourceTitle "CBM 129 Extra"]
[Source "ChessBase"]
[SourceDate "2009.05.05"]
[SourceVersion "2"]
[SourceVersionDate "2009.05.20"]
[SourceQuality "1"]

1. d4 d5 2. c4 e6 3. Nf3 Nf6 4. g3 Bb4+ 5. Bd2 Be7 6. Bg2 O-O 7. O-O c6 8. Qc2
Nbd7 9. Bf4 Nh5 10. Bc1 b6 11. b3 Bb7 12. e3 Rc8 13. Ne5 Nhf6 14. Ba3 Bxa3 15.
Nxa3 Nxe5 16. dxe5 Nd7 17. f4 Qe7 18. Qb2 f6 19. e4 fxe5 20. fxe5 Rxf1+ 21.
Rxf1 d4 22. Qxd4 Nf8 23. Qd6 Qg5 24. Kh1 c5 25. Nb5 h5 26. Nxa7 Rd8 27. Qxb6
Ba8 28. Qc7 Rd7 29. Qb8 Rf7 30. Rxf7 Kxf7 31. h4 Qxg3 32. Qxa8 Qe1+ 33. Kh2
Qxh4+ 34. Kg1 Qe1+ 35. Kh2 h4 36. Qb7+ Kg8 37. Qe7 Qg3+ 0-1

[Event "Dos Hermanas Internet qual-B 10th"]
[Site "ICC INT"]
[Date "2009.03.13"]
[Round "3"]
[White "Cubas, Jose Fernando"]
[Black "Barbosa, Oliver"]
[Result "1-0"]
[WhiteElo "2438"]
[BlackElo "2435"]
[PlyCount "103"]
[EventDate "2009.03.13"]
[EventType "swiss (blitz)"]
[EventRounds "12"]
[EventCountry "ESP"]
[SourceTitle "CBM 129 Extra"]
[Source "ChessBase"]
[SourceDate "2009.05.05"]
[SourceVersion "2"]
[SourceVersionDate "2009.05.20"]
[SourceQuality "1"]

1. e4 c5 2. Nf3 d6 3. d4 cxd4 4. Nxd4 Nf6 5. Nc3 g6 6. Be2 Bg7 7. Be3 O-O 8.
Nb3 Nc6 9. f4 a5 10. a4 Nb4 11. Bf3 Ng4 12. Bg1 h5 13. h3 Nf6 14. Be3 Be6 15.
Nd4 Bc4 16. b3 Ba6 17. Ncb5 Rc8 18. c3 Nc6 19. Kf2 e5 20. Nxc6 Rxc6 21. c4 exf4
22. Bxf4 Ne8 23. Ra2 Qf6 24. Qd2 Qe7 25. Re1 Be5 26. Nc3 Bxc3 27. Qxc3 Ng7 28.
Rd2 Ne6 29. Bh2 Qh4+ 30. Bg3 Qg5 31. Rd5 Qe7 32. Red1 Rd8 33. e5 h4 34. Bh2
dxe5 35. Rxd8+ Nxd8 36. Qxe5 Qxe5 37. Rxd8+ Kg7 38. Bxe5+ f6 39. Bxc6 bxc6 40.
Rd7+ Kf8 41. Bxf6 Ke8 42. Re7+ Kf8 43. Ke3 Bc8 44. Kf4 Bf5 45. Ke5 Bc2 46. Bg5
Bxb3 47. Kf6 Bxc4 48. Bh6+ Kg8 49. Rg7+ Kh8 50. Rc7 Bd5 51. Re7 Bxg2 52. Kxg6
1-0

[Event "Dos Hermanas Internet qual-B 10th"]
[Site "ICC INT"]
[Date "2009.03.13"]
[Round "4"]
[White "Leon Hoyos, Manuel"]
[Black "Cubas, Jose Fernando"]
[Result "0-1"]
[WhiteElo "2542"]
[BlackElo "2438"]
[PlyCount "100"]
[EventDate "2009.03.13"]
[EventType "swiss (blitz)"]
[EventRounds "12"]
[EventCountry "ESP"]
[SourceTitle "CBM 129 Extra"]
[Source "ChessBase"]
[SourceDate "2009.05.05"]
[SourceVersion "2"]
[SourceVersionDate "2009.05.20"]
[SourceQuality "1"]

1. e4 e6 2. d3 d5 3. Qe2 Ne7 4. g3 c5 5. Bg2 Nbc6 6. Nf3 g6 7. O-O Bg7 8. Nc3
b6 9. exd5 Nxd5 10. Nxd5 Qxd5 11. Ne5 Qxg2+ 12. Kxg2 Nxe5 13. Qe4 Rb8 14. Qa4+
b5 15. Qxa7 Bb7+ 16. f3 O-O 17. Bf4 Bd5 18. Rae1 Ra8 19. Qxc5 Rfc8 20. Qf2 Nc6
21. b3 Rxa2 22. Kh3 e5 23. Be3 h5 24. Ra1 Rxa1 25. Rxa1 e4 26. fxe4 Be6+ 27.
Kg2 Bxa1 28. c4 bxc4 29. bxc4 Rb8 30. Qf4 Ne5 31. d4 Rb2+ 32. Kg1 Ng4 33. d5
Rb1+ 34. Kg2 Rb2+ 35. Kg1 Rb1+ 36. Kg2 Bd7 37. h3 Be5 38. Qf3 Nxe3+ 39. Qxe3
Rb2+ 40. Kg1 Bxh3 41. c5 Rb1+ 42. Kf2 Rf1+ 43. Ke2 Rb1 44. Qg5 Rb2+ 45. Kd3
Bf1+ 46. Ke3 Rb3+ 47. Kf2 Bd4+ 48. Kxf1 Rb1+ 49. Ke2 Rb2+ 50. Kd3 Rb3+ 0-1

[Event "Dos Hermanas Internet qual-B 10th"]
[Site "ICC INT"]
[Date "2009.03.13"]
[Round "5"]
[White "Cubas, Jose Fernando"]
[Black "Vasquez Schroder, Rodrigo Rafael"]
[Result "0-1"]
[WhiteElo "2438"]
[BlackElo "2507"]
[PlyCount "92"]
[EventDate "2009.03.13"]
[EventType "swiss (blitz)"]
[EventRounds "12"]
[EventCountry "ESP"]
[SourceTitle "CBM 129 Extra"]
[Source "ChessBase"]
[SourceDate "2009.05.05"]
[SourceVersion "2"]
[SourceVersionDate "2009.05.20"]
[SourceQuality "1"]

1. e4 e6 2. d4 d5 3. Nc3 Bb4 4. e5 c5 5. Bd2 Bxc3 6. Bxc3 b6 7. f4 Ne7 8. Nf3
Ba6 9. Bxa6 Nxa6 10. O-O h5 11. Qe2 Nb8 12. Be1 Nf5 13. c3 Nd7 14. Bf2 Rc8 15.
g3 cxd4 16. cxd4 Qc7 17. Rac1 Qxc1 18. Rxc1 Rxc1+ 19. Kg2 Ke7 20. h3 Rhc8 21.
g4 R8c2 22. Qd3 hxg4 23. hxg4 Nh6 24. f5 Nxg4 25. fxe6 Nxf2 26. Qa3+ Nc5 27.
dxc5 Ne4+ 28. Kh3 Kxe6 29. Nd4+ Kxe5 30. Nxc2 Rxc2 31. Qxa7 bxc5 32. Qe7+ Kd4
33. a4 Rxb2 34. a5 Ra2 35. Qc7 g5 36. Kg4 c4 37. Qb6+ Ke5 38. a6 c3 39. Qc7+
Kd4 40. Qb6+ Kd3 41. Qb5+ Ke3 42. a7 c2 43. Qb3+ Kd4 44. Qxa2 c1=Q 45. a8=Q
Qf4+ 46. Kh3 Qg3# 0-1

[Event "Dos Hermanas Internet qual-B 10th"]
[Site "ICC INT"]
[Date "2009.03.13"]
[Round "6"]
[White "Dlugy, Maxim"]
[Black "Cubas, Jose Fernando"]
[Result "1-0"]
[WhiteElo "2518"]
[BlackElo "2438"]
[PlyCount "109"]
[EventDate "2009.03.13"]
[EventType "swiss (blitz)"]
[EventRounds "12"]
[EventCountry "ESP"]
[SourceTitle "CBM 129 Extra"]
[Source "ChessBase"]
[SourceDate "2009.05.05"]
[SourceVersion "2"]
[SourceVersionDate "2009.05.20"]
[SourceQuality "1"]

1. d4 d5 2. c4 c6 3. Nf3 Nf6 4. Qc2 g6 5. Bf4 Bg7 6. e3 O-O 7. Nc3 e6 8. Be2
Nbd7 9. O-O b6 10. b4 Bb7 11. c5 b5 12. a4 a6 13. Ra2 Re8 14. axb5 axb5 15.
Rfa1 Nh5 16. Rxa8 Bxa8 17. Bd6 e5 18. Nxe5 Nxe5 19. Bxh5 Nc4 20. Bf3 Nxd6 21.
cxd6 Qxd6 22. Qb3 Bb7 23. Ra7 Bc8 24. Na2 Bxd4 25. Ra8 Bg7 26. h3 Bd7 27. Ra6
h5 28. Nc3 Qe5 29. Ne2 Bf8 30. Nd4 Bd6 31. Nxc6 Qh2+ 32. Kf1 Bxc6 33. Rxc6 Ra8
34. Bxd5 Ra7 35. Qc3 Qe5 36. Qxe5 Bxe5 37. Rxg6+ Kh7 38. Rg5 Bc3 39. Be4+ Kh6
40. Rxb5 Ra1+ 41. Ke2 Ra2+ 42. Kd3 Be1 43. f4 Rb2 44. Rb6+ Kg7 45. b5 Rb3+ 46.
Ke2 Ba5 47. Rb7 Rb2+ 48. Kd3 Rb3+ 49. Kd4 Rb4+ 50. Kd5 Rb3 51. Bf3 Rxe3 52.
Bxh5 Rb3 53. Bxf7 Kf6 54. Bh5 Re3 55. Rf7# 1-0

[Event "Dos Hermanas Internet qual-B 10th"]
[Site "ICC INT"]
[Date "2009.03.13"]
[Round "7"]
[White "Cubas, Jose Fernando"]
[Black "Zilbermintz, Lev"]
[Result "1-0"]
[WhiteElo "2438"]
[BlackElo "2014"]
[PlyCount "119"]
[EventDate "2009.03.13"]
[EventType "swiss (blitz)"]
[EventRounds "12"]
[EventCountry "ESP"]
[SourceTitle "CBM 129 Extra"]
[Source "ChessBase"]
[SourceDate "2009.05.05"]
[SourceVersion "2"]
[SourceVersionDate "2009.05.20"]
[SourceQuality "1"]

1. e4 e5 2. Nf3 d6 3. d4 f5 4. exf5 e4 5. Qe2 Qe7 6. Nfd2 Nf6 7. g3 c6 8. Bg2
Bxf5 9. O-O d5 10. c4 Bg4 11. Qe3 Na6 12. a3 Nc7 13. Nc3 g6 14. b4 h5 15. Re1
Bh6 16. f4 O-O 17. b5 Bd7 18. bxc6 bxc6 19. a4 Ng4 20. Qe2 Rae8 21. h3 Nf6 22.
Ba3 Qf7 23. Bxf8 Bxf8 24. cxd5 cxd5 25. Nb5 Nxb5 26. axb5 Bb4 27. Rec1 e3 28.
Nb3 Ne4 29. Qxe3 Nc3 30. Qf3 Ne2+ 31. Kh1 Nxc1 32. Rxc1 Re4 33. Qd3 Bf5 34. Qf3
Qe7 35. Kh2 h4 36. Nc5 hxg3+ 37. Qxg3 Kg7 38. Nxe4 dxe4 39. d5 e3 40. d6 Qxd6
41. Rc6 Qxc6 42. bxc6 e2 43. Be4 e1=Q 44. Qxe1 Bxe1 45. Bxf5 Ba5 46. Bd3 Bc7
47. Kg3 Kf6 48. Kg4 a5 49. h4 a4 50. Bc4 a3 51. Ba2 Ke7 52. Kg5 Kd6 53. Kxg6
Kxc6 54. f5 Be5 55. f6 Kd7 56. h5 Ke8 57. h6 Kf8 58. h7 Ke8 59. h8=Q+ Kd7 60.
Qg7+ 1-0

[Event "Dos Hermanas Internet qual-B 10th"]
[Site "ICC INT"]
[Date "2009.03.13"]
[Round "9"]
[White "Stark, Lars"]
[Black "Cubas, Jose Fernando"]
[Result "0-1"]
[WhiteElo "2438"]
[BlackElo "2438"]
[PlyCount "100"]
[EventDate "2009.03.13"]
[EventType "swiss (blitz)"]
[EventRounds "12"]
[EventCountry "ESP"]
[SourceTitle "CBM 129 Extra"]
[Source "ChessBase"]
[SourceDate "2009.05.05"]
[SourceVersion "2"]
[SourceVersionDate "2009.05.20"]
[SourceQuality "1"]

1. c4 e6 2. g3 d5 3. Bg2 Nf6 4. Nf3 Be7 5. O-O O-O 6. Qc2 c6 7. b3 Nbd7 8. Bb2
b6 9. d3 Bb7 10. e4 Rc8 11. Nbd2 c5 12. cxd5 exd5 13. Rfe1 d4 14. Nc4 Re8 15.
Bc1 b5 16. Nce5 Nxe5 17. Nxe5 Bf8 18. f4 c4 19. bxc4 bxc4 20. Nxc4 Nd5 21. Qb3
Ba6 22. Bd2 Bxc4 23. dxc4 Ne3 24. Bh3 Rc6 25. Bxe3 dxe3 26. e5 Bc5 27. Re2 Rb6
28. Qd1 Qc7 29. Qd7 Qxd7 30. Bxd7 Rd8 31. Bf5 g6 32. Bc2 Rb2 33. Kf1 Rd4 34.
Bb3 Rxe2 35. Kxe2 Rd2+ 36. Ke1 Rxh2 37. Rd1 Bb4+ 38. Kf1 e2+ 39. Kg1 exd1=Q+
40. Bxd1 Rxa2 41. Bf3 Bc5+ 42. Kh1 a5 43. Bd5 a4 44. e6 fxe6 45. Bxe6+ Kg7 46.
f5 a3 47. g4 Rb2 48. g5 gxf5 49. Bxf5 a2 50. g6 a1=Q+ 0-1